[Event "World Rapid Women 2022"]
[Site "Almaty KAZ"]
[Date "2022.12.27"]
[Round "7.32"]
[White "Tokhirjonova, Gulrukhbegim"]
[Black "Gaboyan, Susanna"]
[Result "1-0"]
[WhiteTitle "WGM"]
[BlackTitle "WIM"]
[WhiteElo "2328"]
[BlackElo "2200"]
[WhiteFideId "14203626"]
[BlackFideId "13303627"]
[EventDate "2022.12.26"]

1. e4 c5 2. Nf3 Nc6 3. Bb5 g6 4. O-O Bg7 5. c3 Nf6 6. Qe2 O-O 7. Rd1 Qc7 8. d4
d5 9. exd5 Nxd5 10. dxc5 Nf4 11. Bxf4 Qxf4 12. Nbd2 e5 13. Qe4 Qf6 14. Bxc6 bxc6
15. Nc4 Qe6 16. Rd6 Qe7 17. Qxc6 Be6 18. Ncxe5 Rfc8 19. Qe4 Bf5 20. Qd4 a5 21.
Re1 Qb7 22. b3 Bf8 23. c6 Qc7 24. Rd5 Be6 25. Rb5 a4 26. Ng5 Bf5 27. Ngxf7 axb3
28. axb3 Bg7 29. Qc4 Kf8 30. g4 Bxg4 31. Qxg4 Re8 32. Ng5 Bxe5 33. Rbxe5 Rxe5
34. Qf4+ Kg8 35. Qxe5 Qxc6 36. Qe6+ Qxe6 37. Rxe6 Ra1+ 38. Kg2 Rb1 39. b4 Rc1
40. Re3 Kg7 41. b5 Kh6 42. Nf7+ Kg7 43. Nd6 Kh6 44. b6 Rb1 45. b7 1-0

[Event "World Rapid Women 2022"]
[Site "Almaty KAZ"]
[Date "2022.12.27"]
[Round "7.33"]
[White "Shukhman, Anna"]
[Black "Yao, Lan"]
[Result "1-0"]
[WhiteTitle "WFM"]
[BlackTitle "WIM"]
[WhiteElo "2161"]
[BlackElo "2271"]
[WhiteFideId "54180058"]
[BlackFideId "8610835"]
[EventDate "2022.12.26"]

1. e4 c5 2. Nf3 e6 3. d4 cxd4 4. Nxd4 Nc6 5. Nc3 Qc7 6. Qd3 Nf6 7. Ndb5 Qb8 8.
Qg3 d6 9. Bf4 Ne5 10. O-O-O Nh5 11. Bxe5 Nxg3 12. Bxg3 a6 13. Nxd6+ Bxd6 14.
Bxd6 Qa7 15. Nb5 axb5 16. Bxb5+ Bd7 17. Bxd7+ Kxd7 18. Bc5+ Kc6 19. Bxa7 Rxa7
20. a3 b5 21. c3 Ra4 22. Rhe1 Rha8 23. Kc2 R8a7 24. Rd8 h5 25. f3 g6 26. Red1
Rc7 27. R1d6+ Kb7 28. R6d7 Rc4 29. Rxc7+ Rxc7 30. b3 Kc6 31. h4 Ra7 32. Kb2 Kc7
33. Rf8 Kd6 34. Rb8 Kc6 35. c4 bxc4 36. Rc8+ Kb6 37. Rxc4 Rd7 38. Kc2 Rd8 39. a4
Rd7 40. b4 Rd8 41. Rc5 Rd4 42. Kc3 Rd1 43. a5+ Kb7 44. b5 Ra1 45. b6 Ka6 46. Kd4
f6 47. e5 Rd1+ 48. Ke3 f5 49. Rc6 Kxa5 50. Rxe6 Rd5 51. Kf4 Rd4+ 52. Kg5 Rd2 53.
Rxg6 Rxg2+ 54. Kxf5 Rf2 55. f4 Ka6 56. e6 Re2 57. Kf6 Kxb6 58. Rg5 Kc6 59. Re5 1-0

[Event "World Rapid Women 2022"]
[Site "Almaty KAZ"]
[Date "2022.12.27"]
[Round "7.34"]
[White "Paramzina, Anastasya"]
[Black "Charochkina, Daria"]
[Result "0-1"]
[WhiteTitle "WGM"]
[BlackTitle "IM"]
[WhiteElo "2227"]
[BlackElo "2344"]
[WhiteFideId "4165012"]
[BlackFideId "4180917"]
[EventDate "2022.12.26"]

1. e4 d6 2. d4 Nf6 3. Nc3 g6 4. Be3 a6 5. h3 Bg7 6. f4 b5 7. e5 Nfd7 8. Qf3 c6
9. O-O-O b4 10. Ne4 Nb6 11. g4 Qd7 12. exd6 Nd5 13. dxe7 Qxe7 14. Bf2 O-O 15. f5
Nd7 16. Re1 Qd8 17. Ne2 a5 18. Nf4 a4 19. Nxd5 cxd5 20. Nd6 b3 21. cxb3 Qc7+ 22.
Nc4 dxc4 23. bxc4 Bb7 24. d5 a3 25. bxa3 Ne5 26. Qb3 Bxd5 27. Bd4 Bxh1 0-1

[Event "World Rapid Women 2022"]
[Site "Almaty KAZ"]
[Date "2022.12.27"]
[Round "7.35"]
[White "Nurgaliyeva, Zarina"]
[Black "Eric, Jovana"]
[Result "1-0"]
[WhiteTitle "WFM"]
[BlackTitle "WGM"]
[WhiteElo "2013"]
[BlackElo "2236"]
[WhiteFideId "13730096"]
[BlackFideId "938238"]
[EventDate "2022.12.26"]

1. e4 c5 2. Nf3 d6 3. Bb5+ Nd7 4. d4 cxd4 5. Qxd4 a6 6. Bxd7+ Bxd7 7. O-O Rc8 8.
c4 e5 9. Qd3 b5 10. Na3 b4 11. Nc2 a5 12. b3 h6 13. a3 bxa3 14. Bxa3 Qb6 15.
Rfd1 Nf6 16. Bxd6 Bxd6 17. Qxd6 Qxd6 18. Rxd6 Ke7 19. Rdd1 a4 20. Nxe5 axb3 21.
Nb4 Rhd8 22. f3 Kf8 23. Ra3 b2 24. Rb3 Be6 25. Rxd8+ Rxd8 26. Rxb2 Rc8 27. Nd5
Ne8 28. Rb6 Rc5 29. Rxe6 fxe6 30. Nd7+ Kf7 31. Nxc5 exd5 32. cxd5 Nd6 33. Kf2
Nc4 34. Ke2 Ne5 35. Ke3 g5 36. Kd4 Kf6 37. Nd3 Nd7 38. e5+ Ke7 39. Nc5 Nb6 40.
d6+ 1-0

[Event "World Rapid Women 2022"]
[Site "Almaty KAZ"]
[Date "2022.12.27"]
[Round "7.36"]
[White "Ovod, Evgenija"]
[Black "Nurgali, Nazerke"]
[Result "1-0"]
[WhiteTitle "IM"]
[BlackTitle "WIM"]
[WhiteElo "2323"]
[BlackElo "2168"]
[WhiteFideId "4131827"]
[BlackFideId "13711261"]
[EventDate "2022.12.26"]

1. e4 c6 2. d4 d5 3. exd5 cxd5 4. Bd3 Nc6 5. c3 Nf6 6. h3 g6 7. Nf3 Qc7 8. O-O
Bg7 9. Re1 O-O 10. Be3 Nh5 11. Qc1 e5 12. dxe5 Nxe5 13. Nxe5 Bxe5 14. Nd2 Nf4
15. Bf1 Bf5 16. Nf3 Bd6 17. Nd4 Bd3 18. Nb5 Bxb5 19. Bxb5 a6 20. Bf1 Ne6 21. Qd1
Rad8 22. Qf3 Bc5 23. Bh6 Rfe8 24. Rad1 Qc6 25. Re5 Nc7 26. Rde1 Rxe5 27. Rxe5
Bf8 28. Bxf8 Rxf8 29. g3 Qd6 30. Re1 Qb6 31. Re7 Qd6 32. Re2 Re8 33. Rd2 Qe5 34.
Kh2 h5 35. h4 Re6 36. Bg2 Rf6 37. Qe2 Qxe2 38. Rxe2 Kf8 39. f4 Rb6 40. Bf3 Rd6
41. Rd2 Ke7 42. Kg2 b5 43. Kf2 Kd7 44. Ke3 Kc6 45. b3 Kc5 46. Rd4 Ne6 47. b4+
Kc6 48. Rd1 Ng7 49. Kf2 Nf5 50. a4 Ne7 51. axb5+ axb5 52. Re1 Rd7 53. Re5 Kb6
54. f5 Nxf5 55. Rxd5 Rxd5 56. Bxd5 f6 57. Bf7 Ne7 58. Ke3 Kc6 59. Be8+ Kb6 60.
Ke4 Ka6 61. Ke3 Kb6 62. Kd4 g5 63. Ke4 f5+ 64. Ke5 f4 65. gxf4 gxh4 66. Bd7 Ng6+
67. Ke4 Nf8 68. Bf5 Kc6 69. Ke5 Kc7 70. Kd5 Kd8 71. Kc5 Ke7 72. Kxb5 Kf6 73. Bh3
Ng6 74. Ka6 Nxf4 75. b5 Nxh3 76. b6 1-0

[Event "World Rapid Women 2022"]
[Site "Almaty KAZ"]
[Date "2022.12.27"]
[Round "7.37"]
[White "Gaponenko, Inna"]
[Black "Balabayeva, Xeniya"]
[Result "0-1"]
[WhiteTitle "IM"]
[BlackTitle "WIM"]
[WhiteElo "2341"]
[BlackElo "2183"]
[WhiteFideId "14101181"]
[BlackFideId "13719688"]
[EventDate "2022.12.26"]

1. e4 c6 2. d4 d5 3. exd5 cxd5 4. c4 Nf6 5. Nc3 e6 6. Nf3 Bb4 7. cxd5 Nxd5 8.
Bd2 O-O 9. Bd3 Nf6 10. O-O Nc6 11. Bg5 h6 12. Bh4 Be7 13. a3 b6 14. Re1 Bb7 15.
Bc2 a5 16. Qd2 Nd5 17. Qd3 g6 18. Bg3 Nxc3 19. bxc3 Bf6 20. Rxe6 Bg7 21. Rd6 Qc8
22. Rb1 Ne7 23. Rdxb6 Bd5 24. Be5 Re8 25. Bxg7 Kxg7 26. Ne5 Qc7 27. c4 Be6 28.
Qc3 Kg8 29. Rb7 Qc8 30. Bd3 Bf5 31. Qd2 Bxd3 32. Qxd3 Nf5 33. Nxf7 Qxb7 34. Rxb7
Re1+ 35. Qf1 Rxf1+ 36. Kxf1 Rf8 37. Ne5 Rc8 38. d5 Nd6 39. Ra7 Re8 40. f4 g5 41.
c5 Ne4 42. c6 gxf4 43. c7 Nd6 44. Nd7 Kf7 45. Ra6 Ke7 46. Nb6 h5 47. Rxa5 0-1

[Event "World Rapid Women 2022"]
[Site "Almaty KAZ"]
[Date "2022.12.27"]
[Round "7.38"]
[White "Gvetadze, Sofio"]
[Black "Kirchei, Viktoriia"]
[Result "1-0"]
[WhiteTitle "IM"]
[BlackTitle "WFM"]
[WhiteElo "2298"]
[BlackElo "2070"]
[WhiteFideId "13601440"]
[BlackFideId "34133396"]
[EventDate "2022.12.26"]

1. Nf3 Nf6 2. g3 d5 3. c4 e6 4. Bg2 Be7 5. O-O O-O 6. b3 c5 7. Bb2 Nc6 8. d3 b6
9. Nbd2 Bb7 10. Rc1 Qc7 11. cxd5 exd5 12. d4 Qd6 13. dxc5 bxc5 14. Qc2 Nb4 15.
Qb1 d4 16. a3 Nbd5 17. Nc4 Qa6 18. Nfe5 Rab8 19. Rfd1 Bc8 20. Qc2 Qb5 21. e4 Nc7
22. b4 cxb4 23. Bxd4 b3 24. Qb2 Qa4 25. Qa1 Ne6 26. Bb2 Bb7 27. Ne3 Rfc8 28. Nd5
Nxd5 29. exd5 Nc5 30. Nc6 Bxc6 31. dxc6 Ne6 32. Rd7 Bc5 33. Bd5 Ng5 34. Rxc5 Rb5
35. Rxb5 Qxb5 36. h4 Nh3+ 37. Kg2 1-0

[Event "World Rapid Women 2022"]
[Site "Almaty KAZ"]
[Date "2022.12.27"]
[Round "7.39"]
[White "Lhotska, Anna"]
[Black "Balakanova, Bakhyt"]
[Result "1-0"]
[WhiteTitle "WFM"]
[BlackTitle "WFM"]
[WhiteElo "2159"]
[BlackElo "2005"]
[WhiteFideId "376183"]
[BlackFideId "13705881"]
[EventDate "2022.12.26"]

1. e4 Nf6 2. e5 Nd5 3. d4 d6 4. Nf3 Bg4 5. h3 Bh5 6. Be2 Nc6 7. O-O e6 8. Re1
Be7 9. c4 Nb6 10. b3 O-O 11. exd6 cxd6 12. Nc3 Bf6 13. Ne4 Bxf3 14. Nxf6+ Qxf6
15. Bxf3 Nxd4 16. Bxb7 Rab8 17. Bb2 Rxb7 18. Qxd4 e5 19. Qe4 Rd7 20. Rad1 Qe6
21. Rd2 f5 22. Qe2 f4 23. Qf3 Qf5 24. Ba3 Nc8 25. Kh2 Rf6 26. Qd5+ Rdf7 27. Qe4
Qg5 28. Qf3 h6 29. Qg4 f3 30. Qxg5 hxg5 31. g4 Re6 32. Kg3 Rf4 33. Rdd1 Kf7 34.
Bc1 Rff6 35. Bxg5 Rg6 36. h4 e4 37. Rd4 d5 38. cxd5 Rd6 39. Rexe4 Nb6 40. Re5
Rd7 41. Kxf3 Rgd6 42. Ke4 Nc8 43. Rf5+ Kg6 44. Re5 Ra6 45. Re6+ Rxe6+ 46. dxe6
Re7 47. Bxe7 1-0

[Event "World Rapid Women 2022"]
[Site "Almaty KAZ"]
[Date "2022.12.27"]
[Round "7.40"]
[White "Bauyrzhan, Arnash"]
[Black "Frayna, Janelle Mae"]
[Result "0-1"]
[BlackTitle "WGM"]
[WhiteElo "2041"]
[BlackElo "2265"]
[WhiteFideId "13706322"]
[BlackFideId "5212499"]
[EventDate "2022.12.26"]

1. e4 c6 2. d4 d5 3. Nd2 dxe4 4. Nxe4 Bf5 5. Ng3 Bg6 6. h4 h6 7. Nf3 Nd7 8. h5
Bh7 9. Bd3 Bxd3 10. Qxd3 e6 11. Bd2 Ngf6 12. O-O-O Be7 13. Ne4 Nxe4 14. Qxe4 Nf6
15. Qe2 Qd5 16. Kb1 Qe4 17. Qxe4 Nxe4 18. Be1 Rd8 19. c3 c5 20. Kc2 O-O 21. Ne5
cxd4 22. Rxd4 Rxd4 23. cxd4 Rd8 24. f3 Nd6 25. Bf2 Nf5 26. Rd1 Bd6 27. g4 Ne7
28. Bh4 f6 29. Ng6 Nd5 30. Re1 Kf7 31. a3 Bc7 32. Kb3 b5 33. Rc1 Bb6 34. Rd1 Ne3
35. Rd3 Nc4 36. Kc3 Rc8 37. Kb3 Na5+ 38. Ka2 Rd8 39. Nf4 Rxd4 40. Rxd4 Bxd4 41.
Ne2 e5 42. b3 Ke6 43. Be1 Nc6 44. Kb1 f5 45. Kc2 fxg4 46. fxg4 Kd5 47. Bd2 Nd8
48. Ng3 Ne6 49. Nf5 e4 50. Kd1 Bf6 51. a4 bxa4 52. bxa4 Kc4 53. Nd6+ Kd3 54. Nf5
Nc5 55. a5 Nb3 56. Be3 Nxa5 57. Bxa7 Nc4 58. Ke1 e3 59. Ng3 Ne5 60. Kf1 Nxg4 61.
Nf5 e2+ 0-1

[Event "World Rapid Women 2022"]
[Site "Almaty KAZ"]
[Date "2022.12.27"]
[Round "7.41"]
[White "Foudzi, Siti Zulaikha"]
[Black "Kaldarova, Ayaulym"]
[Result "0-1"]
[WhiteTitle "WIM"]
[WhiteElo "2136"]
[BlackElo "1832"]
[WhiteFideId "5700965"]
[BlackFideId "13720503"]
[EventDate "2022.12.26"]

1. e4 d6 2. d4 Nf6 3. Nc3 e5 4. Bg5 Be7 5. Nf3 exd4 6. Qxd4 Nc6 7. Bb5 O-O 8.
Bxc6 bxc6 9. O-O-O c5 10. Qd2 Bb7 11. Rhe1 h6 12. Bf4 Nd7 13. h3 Bf6 14. Qe3 Re8
15. g4 Bxc3 16. Qxc3 Rxe4 17. Rxe4 Bxe4 18. Nd2 Bg6 19. Qf3 Rb8 20. Re1 Qf6 21.
c3 Nb6 22. b3 c4 23. Bg3 Qg5 24. b4 a5 25. h4 Qb5 26. bxa5 Na4 27. Kd1 Bd3 28.
Re7 Nxc3+ 29. Ke1 Rf8 30. Qg2 Nd5 31. Re3 Nxe3 32. fxe3 Qxa5 33. Bf4 c3 34. Nb3
Qb4 35. g5 hxg5 36. Bxg5 c2+ 37. Qd2 Qxd2+ 38. Kxd2 Bg6 39. Nd4 Ra8 0-1

[Event "World Rapid Women 2022"]
[Site "Almaty KAZ"]
[Date "2022.12.27"]
[Round "7.42"]
[White "Nurmanova, Alua"]
[Black "Samaganova, Aleksandra"]
[Result "1-0"]
[WhiteTitle "WIM"]
[BlackTitle "WFM"]
[WhiteElo "2191"]
[BlackElo "1884"]
[WhiteFideId "13729390"]
[BlackFideId "13800221"]
[EventDate "2022.12.26"]

1. e4 c5 2. Nf3 e6 3. d4 cxd4 4. Nxd4 a6 5. c4 Qc7 6. Nc3 Nf6 7. Be2 b6 8. Be3
Bb7 9. f3 d6 10. O-O Nbd7 11. Rc1 Rc8 12. Kh1 Be7 13. b3 O-O 14. Qd2 Qb8 15. g4
g6 16. Bd3 Qa8 17. Kg1 Rfe8 18. Qf2 d5 19. g5 Nh5 20. exd5 exd5 21. Nxd5 Bxd5
22. cxd5 Nc5 23. Be4 Bd6 24. Nc6 Qb7 25. Bb1 Nf4 26. Bxf4 Bxf4 27. Rce1 Bxg5 28.
Qd4 Qd7 29. Ne5 Qh3 30. Qg4 Qxg4+ 31. fxg4 f6 32. Nc4 b5 33. Rxe8+ Rxe8 34. Na5
Nd7 35. a4 Ne5 36. axb5 axb5 37. h3 Rd8 38. Be4 Be3+ 39. Kg2 Kg7 40. Nb7 Rd7 41.
d6 b4 42. Rd1 h5 43. gxh5 gxh5 44. Kf1 h4 45. Ke2 Bb6 46. Ra1 f5 47. Bd5 Kf6 48.
Ra4 Ng6 49. Bc6 Ne5 50. Bxd7 Nxd7 51. Rxb4 Bg1 52. Rxh4 Bh2 53. Rh7 Nf8 54. Rh8
Nd7 55. Re8 f4 56. Kf3 Bg1 57. Kxf4 Bh2+ 58. Kf3 Nb6 59. Nc5 Kf7 60. Re7+ Kf8
61. Ne6+ Kg8 62. d7 1-0

[Event "World Rapid Women 2022"]
[Site "Almaty KAZ"]
[Date "2022.12.27"]
[Round "7.43"]
[White "Borisova, Ekaterina"]
[Black "Kim, Kristina"]
[Result "1-0"]
[WhiteTitle "FM"]
[BlackTitle "WCM"]
[WhiteElo "2223"]
[BlackElo "1930"]
[WhiteFideId "34124184"]
[BlackFideId "13712438"]
[EventDate "2022.12.26"]

1. d4 f5 2. e4 fxe4 3. Nc3 Nf6 4. Bg5 g6 5. h4 d5 6. h5 Bg7 7. h6 Bf8 8. f3 Qd6
9. Nge2 exf3 10. gxf3 c6 11. Qd2 Nbd7 12. Bh3 Nb6 13. Bxc8 Rxc8 14. b3 a5 15.
Qe3 Nh5 16. O-O-O a4 17. Kb1 axb3 18. cxb3 Ra8 19. f4 Qb4 20. f5 Nc4 21. Qc1 e6
22. fxe6 Bd6 23. Rdf1 Na3+ 24. Ka1 Nb5 25. Nxb5 Qxb5 26. Qc2 Qb4 27. Rh3 Rf8 28.
Rxf8+ Bxf8 29. e7 Qe1+ 30. Kb2 Bxh6 31. Bxh6 Nf6 32. Rf3 Nd7 33. Rf8+ 1-0

[Event "World Rapid Women 2022"]
[Site "Almaty KAZ"]
[Date "2022.12.27"]
[Round "7.44"]
[White "Druzhinina, Olga"]
[Black "Bayasgalan, Khishigbaatar"]
[Result "0-1"]
[BlackTitle "WCM"]
[WhiteElo "2245"]
[BlackElo "1811"]
[WhiteFideId "4141911"]
[BlackFideId "4904311"]
[EventDate "2022.12.26"]

1. e4 c5 2. Nf3 e6 3. c3 d5 4. e5 d4 5. Bd3 Nc6 6. O-O g6 7. Re1 Bg7 8. Na3 Nge7
9. Nc4 O-O 10. a4 Qd5 11. Qe2 Qd8 12. h4 Nd5 13. g3 b6 14. Nh2 f6 15. exf6 Nxf6
16. f4 Qd5 17. Qf3 Bb7 18. Qxd5 exd5 19. Nd6 Rab8 20. Nxb7 Rxb7 21. Bb5 Rc7 22.
d3 dxc3 23. bxc3 Nh5 24. Bd2 Nxg3 25. Re6 Nd8 26. Rd6 Ne2+ 27. Kg2 Nxc3 28. Bxc3
Bxc3 29. Rc1 Bd2 30. Rc2 Bxf4 31. Rxd5 Bxh2 32. Kxh2 Kg7 33. Re2 Nf7 34. Bc4 Nh6
35. h5 Ng4+ 36. Kg3 Nf6 37. Rde5 Nxh5+ 38. Kh2 Kh6 39. Re7 Rxe7 40. Rxe7 a5 41.
Re6 Rf6 42. Re7 Nf4 43. Bg8 Nxd3 44. Rxh7+ Kg5 45. Rd7 Ne5 46. Rd5 Kf4 47. Kg2
g5 48. Bh7 Ng4 49. Rd2 Rh6 0-1

[Event "World Rapid Women 2022"]
[Site "Almaty KAZ"]
[Date "2022.12.27"]
[Round "7.45"]
[White "Kaliakhmet, Elnaz"]
[Black "Mikheeva, Galina"]
[Result "0-1"]
[WhiteTitle "WFM"]
[BlackTitle "WFM"]
[WhiteElo "1786"]
[BlackElo "1969"]
[WhiteFideId "13730169"]
[BlackFideId "44108320"]
[EventDate "2022.12.26"]

1. d4 Nf6 2. c4 e6 3. Nf3 d5 4. Nc3 Be7 5. g3 dxc4 6. Bg2 c5 7. Qa4+ Nfd7 8.
dxc5 Bxc5 9. Qxc4 Nc6 10. Qg4 O-O 11. Bg5 Nde5 12. Nxe5 Nxe5 13. Qh5 f6 14. Bc1
Qa5 15. Qh4 Rb8 16. O-O b5 17. a3 b4 18. Ne4 Be7 19. Qf4 bxa3 20. bxa3 Ba6 21.
Bd2 Qd8 22. Rfe1 Rb3 23. Rad1 Qb8 24. Bh3 Bc4 25. Rc1 g5 26. Nxg5 fxg5 27. Qd4
Bd5 28. f4 gxf4 29. Bxf4 Rxf4 30. gxf4 Rxh3 31. fxe5 Rh4 32. e4 Rg4+ 33. Kh1 Qb7
34. Rc8+ Qxc8 35. Rg1 Bxe4+ 36. Qxe4 Rxg1+ 37. Kxg1 Qc5+ 0-1

[Event "World Rapid Women 2022"]
[Site "Almaty KAZ"]
[Date "2022.12.27"]
[Round "7.46"]
[White "Mikhaylova, Irina"]
[Black "Balakanova, Gulnar"]
[Result "1-0"]
[WhiteTitle "WGM"]
[BlackTitle "WFM"]
[WhiteElo "2257"]
[BlackElo "1743"]
[WhiteFideId "4109040"]
[BlackFideId "13705890"]
[EventDate "2022.12.26"]

1. d4 Nf6 2. Nf3 g6 3. c4 Bg7 4. Nc3 d6 5. e4 Nbd7 6. Be2 O-O 7. O-O e5 8. Be3
h6 9. d5 Kh7 10. Nd2 a6 11. b4 c5 12. dxc6 bxc6 13. Nb3 Ne8 14. c5 f5 15. cxd6
f4 16. Bc5 Rf6 17. Bg4 h5 18. Bxd7 Qxd7 19. f3 Nxd6 20. Qe2 Nb5 21. Nxb5 cxb5
22. Rfd1 Qe8 23. Bf2 Be6 24. Nc5 Bc4 25. Qd2 Rf7 26. a3 Re7 27. Bh4 Rc7 28. Qd6
Rc6 29. Qd7 Qxd7 30. Rxd7 a5 31. Rad1 axb4 32. axb4 Kh6 33. Re7 g5 34. Bxg5+
Kxg5 35. Rxg7+ Rg6 36. h4+ Kh6 37. Rxg6+ Kxg6 38. Rd6+ Kh7 39. Nd7 Ra1+ 40. Kh2
Ra2 41. Nxe5 Bf1 42. Rg6 Rb2 43. Rg5 Kh6 44. Nf7+ Kh7 45. Kg1 Rb1 46. Ne5 Bc4+
47. Kh2 Rxb4 48. Rxh5+ Kg7 49. Nxc4 bxc4 50. Rc5 Kh6 51. Kh3 Kg6 52. h5+ Kh6 53.
Kg4 Rb2 54. Rc6+ Kh7 55. Rxc4 Rxg2+ 56. Kxf4 1-0

[Event "World Rapid Women 2022"]
[Site "Almaty KAZ"]
[Date "2022.12.27"]
[Round "7.47"]
[White "Kovanova, Baira"]
[Black "Machlik, Monika"]
[Result "1/2-1/2"]
[WhiteTitle "WGM"]
[WhiteElo "2317"]
[BlackElo "2114"]
[WhiteFideId "4164083"]
[BlackFideId "1513621"]
[EventDate "2022.12.26"]

1. e4 c6 2. d4 d5 3. Nc3 dxe4 4. Nxe4 Bf5 5. Ng3 Bg6 6. Nf3 Nd7 7. Bd3 Bxd3 8.
Qxd3 Ngf6 9. O-O e6 10. c4 Be7 11. Bf4 O-O 12. Rad1 Qb6 13. Qc2 Rad8 14. Rd3
Rfe8 15. Rfd1 a6 16. h3 Nf8 17. Rb3 Qa7 18. Bc7 Rc8 19. Bb6 Qb8 20. Ne5 N8d7 21.
Qe2 Nxb6 22. Rxb6 Qc7 23. c5 Rcd8 24. Rb3 Bxc5 25. Nxc6 Qxc6 26. dxc5 Qxc5 27.
Rxb7 Qa5 28. a3 Nd5 29. Qf3 Rf8 30. Nh5 Qa4 31. Rd3 Qc6 32. Qg3 g6 33. Rbb3 f5
34. Qg5 Qc7 35. Ng3 Rc8 36. Rd1 Qc2 37. Rbd3 Qxb2 38. Nh5 Kh8 39. Nf4 Nxf4 40.
Qxf4 Qg7 41. Rd7 Rf7 42. R7d6 e5 43. Qb4 Rf6 44. Rd7 Rf7 45. Rd8+ Rf8 46. R8d7
Rf7 47. R7d6 Rf6 48. R6d5 Qf8 49. Qb2 Re8 50. Rxe5 Rxe5 51. Qxe5 Kg7 52. Rd7+
Kh6 53. h4 Rf7 54. Qf4+ Kg7 55. Qd4+ Kh6 56. Rd6 1/2-1/2

[Event "World Rapid Women 2022"]
[Site "Almaty KAZ"]
[Date "2022.12.27"]
[Round "7.48"]
[White "Martins de Aguiar, Marina"]
[Black "Madi, Aidana"]
[Result "0-1"]
[WhiteElo "1877"]
[BlackElo "1583"]
[WhiteFideId "2143321"]
[BlackFideId "13722689"]
[EventDate "2022.12.26"]

1. e4 c5 2. Nf3 d6 3. d4 cxd4 4. Nxd4 Nf6 5. Nc3 a6 6. f3 e5 7. Nb3 Be7 8. Be3
Be6 9. Nd5 Nbd7 10. Nxe7 Qxe7 11. Bd3 d5 12. Nd2 d4 13. Bf2 Nh5 14. O-O Nf4 15.
Bc4 h5 16. Bxe6 Qxe6 17. Bg3 Ng6 18. f4 Qb6 19. fxe5 Ndxe5 20. Nb3 Rd8 21. Bf2
Ng4 22. Bxd4 Qc7 23. e5 Ne3 24. Qe2 Nxf1 25. e6 Qxh2+ 26. Kxf1 O-O 27. e7 Nxe7
28. Qxe7 Rxd4 29. Nxd4 Qh1+ 30. Kf2 Qxa1 31. Qxb7 Qxa2 32. Nf5 Qe6 33. Qf3 g6
34. Ng3 Rc8 35. Qd3 Qb6+ 36. Kf1 Rd8 37. Qe2 Qxb2 38. Ne4 Qc1+ 39. Kf2 Qb2 40.
Kg1 Rc8 41. c3 Qc1+ 42. Kh2 Qf4+ 43. Kg1 Rb8 44. Nd2 Kh7 45. Nf1 a5 46. Qe7 Rb1
47. Qe2 a4 48. c4 Rxf1+ 49. Qxf1 Qxf1+ 50. Kxf1 a3 0-1

[Event "World Rapid Women 2022"]
[Site "Almaty KAZ"]
[Date "2022.12.27"]
[Round "8.1"]
[White "Tan, Zhongyi"]
[Black "Bivol, Alina"]
[Result "1-0"]
[WhiteTitle "GM"]
[BlackTitle "IM"]
[WhiteElo "2518"]
[BlackElo "2364"]
[WhiteFideId "8603642"]
[BlackFideId "4100123"]
[EventDate "2022.12.26"]

1. d4 e6 2. c4 b6 3. Nc3 Bb4 4. Qb3 Bxc3+ 5. Qxc3 Bb7 6. Nf3 Nf6 7. Bg5 d6 8. e3
h6 9. Bh4 g5 10. Bg3 Ne4 11. Qc2 Nd7 12. Bd3 Ndf6 13. O-O-O Qe7 14. Kb1 h5 15.
h4 Nxg3 16. fxg3 gxh4 17. gxh4 O-O-O 18. Rhf1 Ng4 19. Rde1 Kb8 20. Be4 Bc8 21.
g3 d5 22. Bd3 dxc4 23. Bxc4 Qd6 24. Rg1 f6 25. Qb3 Bb7 26. e4 Rhe8 27. a3 Qe7
28. Ka2 Qh7 29. e5 fxe5 30. Ng5 Qe7 31. dxe5 Bd5 32. Bxd5 Rxd5 33. Rgf1 Qc5 34.
Rc1 Qb5 35. Qxb5 Rxb5 36. Rf7 Nxe5 37. Rh7 Nd3 38. Rcxc7 Rxb2+ 39. Ka1 Rf8 40.
Rb7+ Ka8 41. Rxa7+ Kb8 42. Rhb7+ Kc8 43. Nf7 1-0

[Event "World Rapid Women 2022"]
[Site "Almaty KAZ"]
[Date "2022.12.27"]
[Round "8.2"]
[White "Goryachkina, Aleksandra"]
[Black "Danielian, Elina"]
[Result "1-0"]
[WhiteTitle "GM"]
[BlackTitle "GM"]
[WhiteElo "2584"]
[BlackElo "2431"]
[WhiteFideId "4147103"]
[BlackFideId "13300210"]
[EventDate "2022.12.26"]

1. Nf3 d5 2. g3 c6 3. Bg2 Bg4 4. O-O Nd7 5. h3 Bh5 6. d4 e6 7. c4 Ngf6 8. cxd5
cxd5 9. Nc3 Bd6 10. Qb3 Qb6 11. Qxb6 Nxb6 12. Ne5 Rc8 13. Bf4 Ke7 14. g4 Bg6 15.
Nb5 Ne8 16. Rfc1 a6 17. Rxc8 Nxc8 18. Rc1 Bxe5 19. Bxe5 f6 20. Bf4 Kd7 21. Nc3
h5 22. e4 dxe4 23. Nxe4 Bxe4 24. Bxe4 Ned6 25. Bf3 hxg4 26. hxg4 g5 27. Bg3 Rh7
28. Bxb7 Nb6 29. Bxd6 Kxd6 30. Rc6+ 1-0

[Event "World Rapid Women 2022"]
[Site "Almaty KAZ"]
[Date "2022.12.27"]
[Round "8.3"]
[White "Batsiashvili, Nino"]
[Black "Abdumalik, Zhansaya"]
[Result "1/2-1/2"]
[WhiteTitle "GM"]
[BlackTitle "GM"]
[WhiteElo "2493"]
[BlackElo "2496"]
[WhiteFideId "13602993"]
[BlackFideId "13703544"]
[EventDate "2022.12.26"]

1. d4 Nf6 2. Nf3 g6 3. Bg5 Bg7 4. Nbd2 d5 5. e3 O-O 6. Be2 Nbd7 7. h4 h5 8. c3
c5 9. Bf4 Ng4 10. Ng5 e5 11. dxe5 Ndxe5 12. Ndf3 f6 13. Nh3 Bf5 14. Nxe5 fxe5
15. Bg5 Qd7 16. f3 Nf6 17. Nf2 d4 18. Bc4+ Kh8 19. e4 Be6 20. Qb3 Bxc4 21. Qxc4
Rac8 22. a4 a6 23. a5 Qb5 24. Qxb5 axb5 25. Nd3 Nd7 26. a6 bxa6 27. Rxa6 c4 28.
Nb4 Kh7 29. O-O Nc5 30. Ra7 Ra8 31. Rc7 Rfc8 32. Re7 Re8 33. Rc7 Rec8 34. Re7 1/2-1/2

[Event "World Rapid Women 2022"]
[Site "Almaty KAZ"]
[Date "2022.12.27"]
[Round "8.4"]
[White "Savitha, Shri B"]
[Black "Khotenashvili, Bela"]
[Result "1-0"]
[WhiteTitle "WIM"]
[BlackTitle "GM"]
[WhiteElo "2411"]
[BlackElo "2485"]
[WhiteFideId "35061887"]
[BlackFideId "13602640"]
[EventDate "2022.12.26"]

1. e4 c6 2. d4 d5 3. Nc3 dxe4 4. Nxe4 Nf6 5. Nxf6+ exf6 6. c3 Bd6 7. Bd3 O-O 8.
Qc2 Re8+ 9. Ne2 h5 10. Be3 Nd7 11. O-O-O b5 12. Ng3 Qa5 13. Kb1 Nb6 14. Bd2 Nc4
15. Bxc4 bxc4 16. Rhe1 Be6 17. Ka1 Rab8 18. Bc1 Bxg3 19. hxg3 Rb6 20. Rh1 g6 21.
Rde1 Kg7 22. g4 Rh8 23. gxh5 Bf5 24. h6+ Kh7 25. Re4 Bxe4 26. Qxe4 Qd5 27. Qe7
Qe6 28. Qxa7 Rhb8 29. Re1 R6b7 30. Rxe6 Rxa7 31. Rxc6 Re8 32. Be3 f5 33. g3 Ra4
34. Kb1 Re7 35. d5 Rd7 36. d6 Ra8 37. Bf4 f6 38. Rc7 Rd8 39. Rxc4 g5 40. Be3
Rxd6 41. a4 Kxh6 42. a5 Ra8 43. Ra4 Kg6 44. Kc2 Kf7 45. b4 Ke6 46. b5 Rdd8 47.
a6 Kd5 48. b6 Kc6 49. b7 Rab8 50. Ra5 f4 51. gxf4 gxf4 52. Bxf4 Kb6 53. Bxb8 1-0